| 000 | 00810nam a2200277Ia 4500 | ||
|---|---|---|---|
| 003 | OSt | ||
| 005 | 20221007095040.0 | ||
| 006 | a|||||r|||| 00| 0 | ||
| 007 | ta | ||
| 008 | 221006b |||||||| |||| 00| 0 eng d | ||
| 020 | _a8174940227 | ||
| 024 | _a735 | ||
| 037 | _cReference Collections | ||
| 040 |
_aLCO _cLCO _beng |
||
| 041 |
_2eng _aeng |
||
| 082 | _aV73:19, N5 | ||
| 100 |
_aTeitelbaum M.S. Ed. _9700751 |
||
| 245 | 0 | _aThreatened Peoples Threatened Borders | |
| 250 | _a1st | ||
| 260 |
_aDelhi _bUniversal Law Publishing Company India _c1995 |
||
| 300 | _a336 | ||
| 650 |
_aTHREATENED PEOPLES THREATENED BORDERS _9700752 |
||
| 700 |
_a Weiner M. Ed. _9700753 |
||
| 942 |
_hV73:19, N5 _cREF |
||
| 999 |
_c1170298 _d1170298 |
||